| 000 | 00445nam a2200157Ia 4500 | ||
|---|---|---|---|
| 003 | OSt | ||
| 005 | 20230601111040.0 | ||
| 008 | 211028s2013 xx 000 0 und d | ||
| 040 | _cAIMIT LIBRARY | ||
| 041 | _aeng | ||
| 100 |
_aKini, U Ramnath; Kumar, Rakesh. _98452 _e111925 |
||
| 110 |
_aRakesh Kumar _98453 |
||
| 245 | _aInternship project management system: project status tracking module. | ||
| 260 |
_aMangalore _c2013 |
||
| 942 |
_2ddc _cPRO |
||
| 999 |
_c219895 _d219895 |
||